000 00768nem a22002291 4500
001 0000008937
005 20151217161139.0
007 aj cauun
008 080623s xx a 0 eng d
020 _cKES
034 0 _aa
040 _aYour Holding Symbol
_cYour Holding Symbol
110 2 _aTourist Maps (Kenya)
_@0000159748
245 1 2 _aA Map of Mount Kenya National Park and the surroundings
_h[map] /
_cTourist Maps (K)
255 _aScale 1 : 150,000.
260 _aNairobi :
_bTourist Maps (K),
_c[1974]
300 _a1 map :
_bcol ;
_c59x78 cm, folded to 31x15 cm.
651 0 _aMount Kenya National Park (Kenya)
_xMaps, Tourists.
_@0000159751
908 _a080623
950 _@1
999 _c15067
_d15067